000 01253 a2200217 4500
001 15176
005 20260407155449.0
008 260407a1987 arg spa d
003 AR-UNSa-BCEJYS
040 _aAR-UNSa-BCEJYS
_bspa
_cAR-UNSa-BCEJYS
080 _a004.7
_xComunicación informática. Redes de ordenadores
245 1 0 _aComunicaciones y redes de procesamiento de datos
020 _a968-422-147-9
264 1 _aMéxico :
_bMcGraw-Hill
_c1987
300 _a396 p.
_c23 cm.
505 _a1. Introducción - 2. Conceptos y definiciones básicas - 3. Elementos de un sistema de comunicaciones - 4. Medios físicos de transmisión - 5. Detección y corrección de errores de transmisión - 6. Disciplinas de comunicaciones - 7. Conceptos de redes de procesamiento de datos - 8. Redes locales LAN (Local Area Network) - 9. Redes públicas de datos PDN Public Data Network - 10. SNA (System Network Architecture) - 11. DCNA (Data Communications Network Architecture) - 12. DECNET - 13. DSE Y DSA - 14. Redes privadas y servicios especiales
942 _cBK
590 _aniveau_biblio:m niveau_hierar:0
100 1 _aGonzález Sainz, Néstor
856 4 1 _uhttps://www.biblioeco.unsa.edu.ar/pmb/images/libros/15176.jpg
_yImagen de portada
_qimage/jpeg
999 _c624
_d624